000
00306nam a22001337a 4500
008
190304b xxu||||| |||| 00| 0 eng d
020
_a
027778004993
041
_a
eng
080
_a
038
100
_a
23
101
_a
FJA
245
_a
The Dictionary of 20th Century Allusions
_c
Cole, S
942
_2
udc
_c
BK
999
_c
54441
_d
54441